Lugares de Chile de Norte a Sur - Estadísticas

Estadísticas generales
  • Esta prueba ha sido intentada 56 veces
  • La puntuación promedio es 22 de 45
Estadísticas de respuestas
Pista Respuesta % Correcto
Desierto más árido del mundo Desierto de Atacama
90%
Isla polinésica en la que se encuentran grandes cabezas de piedra o "moai" Rapa Nui-Isla de Pascua
80%
Mina a tajo abierto más grande del mundo Chuquicamata
78%
Famoso cerro ariqueño en el que se dio una importante batalla durante la Guerra del Pacífico Morro de Arica
75%
Plaza en la que ocurrió "La Marcha del Millón" o "La Marcha más grande de Chile" Plaza Dignidad/Plaza Italia/Plaza Baquedano
75%
Actual puerto principal de Chile San Antonio
75%
Famoso valle ubicado en la Región de Coquimbo en el que nació la poetisa Gabriela Mistral Valle del Elqui
75%
Río que cruza al Gran Santiago Río Mapocho
73%
Fenómeno en el que florece el desierto anterior Desierto Florido
70%
Ciudad Capital de la Provincia de Petorca conocida por sus "dulces" que llevan su mismo nombre La Ligua
68%
Ciudad costera en la que se celebra un importante festival de música (y humor) Viña del Mar
68%
Famosa provincia conocida por sus palafitos, mitos, leyendas, iglesias, "mingas", gastronomía y cultura Chiloé
65%
Cordillera que atraviesa todo el país de Norte a Sur en las fronteras con Argentina y Bolivia Cordillera de Los Andes
65%
Famoso islote frente a las costas de Antofagasta con forma de arco Monumento natural La Portada
65%
Región en la que se encuentra Puerto Montt Región de Los Lagos
65%
La Región más nueva de Chile Región de Ñuble
65%
Pueblo del que son conocidos sus limones por su pequeño tamaño y su sabor Pica
60%
Ciudad capital de la Región del Libertador General Bernardo O'Higgins Rancagua
60%
Archipiélago considerado uno de los con más endemismo por km² en el mundo Archipiélago de Juan Fernández
55%
Menciona una de las tres comunas en las que el Mapudungún es cooficial u ofical Galvarino/Padre las Casas/Temuco
55%
La primera región (de norte a sur) de la zona patagónica en chile es la Región de Aysén del General ______ ______ del Campo Región de Aysén del General Carlos Ibáñez del Campo
55%
Pueblo en la Comuna de Melipilla conocida por sus alfarerías, especialmente por sus "Chanchitos de Greda" Pomaire
53%
Ciudad que disputa el puesta de la ciudad más austral del mundo con Ushuaia Puerto Williams
50%
Río que demarcó la frontera entre los Mapuche y los Españoles Rio Biobío
50%
Gran valle ubicado en la Región de Valparaíso que lleva el nombre de una alta montaña argentina Valle del Aconcagua
50%
Pampa en la Región de Tarapacá de la que es endémica el Tamarugo Pampa del Tamarugal
48%
Segunda ciudad más antigua de Chile después de Santiago La Serena
45%
Termas que comparten nombre con la capital de la región anterior en las que se encuentra un centro de esquí Termas de Chillán
45%
Río que pasa por la ciudad de Valdivia que lleva el mismo nombre que un fallido puente levadizo Río Caucau
43%
Pueblo conocido por sus artesanías de mimbre Chimbarongo
38%
Estrecho anteriormente importante en el comercio, hasta la construcción del Canal de Panamá Estrecho de Magallanes
38%
Comuna famosa por sus minas de Carbón Lota
38%
Isla más grande de Chile compartida con Argentina Tierra del Fuego
38%
Volcán limítrofe entre las Regiones de la Araucanía y de Los Ríos que lleva el nombre de la segunda ciudad más grande de la Región de la Araucanía Villarrica
38%
Ciudad costera en la Región de Atacama donde ocurrió un terrible aluvión el año 2015 Chañaral
35%
Ciudad en la que se firmó el acta de independencia Talca
35%
Tipo de bosque o selva que lleva el nombre de una ciudad en la Región de los Ríos Selva Valdiviana
30%
Las Islas Desventuradas están conformadas por dos islas principales, Isla San Félix e Isla San ________ Isla San Ambrosio
28%
Ciudad más grande de Chile (sin contar áreas metropolitanas) Puente Alto
28%
Punto conocido erróneamente como el punto más austral de América Cabo de Hornos
20%
Localidad completamente en Chile más septentrional Visviri
18%
Cascada en la comuna de San Clemente que "va hacia arriba" Cascada Invertida
15%
Nombre que se le da a la zona en la que están las Islas Desventuradas y las islas anteriormente mencionadas Zona Insular
13%
Extensión de hielos continentales no polar más grande Campo de Hielo Patagónico Sur/Hielo Continental Patagónico/Campo de Hielo Sur
10%
Localidad más austral de Chile y el Mundo Puerto Toro
8%
No se encontraron pruebas coincidentes
Distribución de puntuación
Porcentaje de gente con cada puntuación
Porcentaje por número respondido
Historial de tus puntuaciones
No has intentado esta prueba.